| 000 | 00683nam a2200229Ia 4500 | ||
|---|---|---|---|
| 003 | BUBTL | ||
| 008 | 151213s9999 xx 000 0 und d | ||
| 020 | _a81-7808-801-0 | ||
| 082 |
_a658.5 _bKRM |
||
| 100 | _aLee J. Krajewski / Larry P. Ritzman | ||
| 245 |
_aOperation Management _cLee J. Krajewski / Larry P. Ritzman |
||
| 250 | _a6th | ||
| 260 |
_aNew Delhi _bPearson _c2002 |
||
| 300 |
_a[xv] , 862p . : _bill, Chart , Graph ; 22cm . _cManagement . |
||
| 500 | _aIncludes Index . | ||
| 650 | _aManagement | ||
| 650 | _aManagement | ||
| 700 | _aLee J. Krajewski / Larry P. Ritzman | ||
| 856 |
_k0 _l0 _yDownload |
||
| 942 |
_2ddc _cBK |
||
| 999 |
_c5011 _d5011 |
||